| 000 | 00822nam a2200229 a 4500 | ||
|---|---|---|---|
| 001 | 000027826 | ||
| 003 | DO-SdBNP | ||
| 005 | 20210818143603.0 | ||
| 008 | 110405s1978 dr 000 0 spa d | ||
| 040 |
_aDO-SdBNP _bspa _cBNPHU |
||
| 082 |
_a972.93 _bR896d |
||
| 100 | 1 |
_aRubio, Vicente _925473 _d1923-2006 |
|
| 245 | 1 | 0 |
_aDatos para la historia de los orígenes de la ciudad de Santo Domingo (Proceso Corvera-Roldán y Pasamonte-Roldán) / _cVicente Rubio. |
| 260 |
_aSanto Domingo : _bEditora Fudación García- Arévalo, _c1978. |
||
| 300 |
_a94 p. ; _c22 cm. |
||
| 490 | 1 |
_aMonográfica _vno. 7 |
|
| 500 | _aIncluye referencias bibliográficas y notas al pie de las páginas | ||
| 650 | 4 |
_aSanto Domingo (Ciudad) _xHistoria local _979480 |
|
| 830 | 0 |
_aMonográfica _n7 _954898 |
|
| 910 | _aD/G | ||
| 942 |
_2ddc _cLBS1 |
||
| 999 |
_c27318 _d27318 |
||